[Event "Copenhagen Spring Amager D"]
[Site "Copenhagen"]
[Date "2023.04.25"]
[Round "2"]
[White "Abrahamsen, Sune Janus"]
[Black "Werner, Gert"]
[Result "1-0"]
[WhiteElo "1651"]
[BlackElo "1615"]
[PlyCount "81"]
[EventDate "2023.04.25"]
[EventType "tourn"]
[EventRounds "5"]
[EventCountry "DEN"]
[SourceTitle "EXT 2025"]
[Source "ChessBase"]
[SourceDate "2024.10.14"]
[SourceVersion "1"]
[SourceVersionDate "2024.10.14"]
[SourceQuality "1"]

1. e4 d6 2. Bc4 Nf6 3. d3 g6 4. Nf3 Bg7 5. 0-0 0-0 6. h3 Nc6 7. a4 Nh5 8. c3 e5 9. Bg5 Qe8 10. Re1 Be6 11. Bxe6 Qxe6 12. d4 Qe8 13. d5 Nd8 14. c4 f6 15. Be3 g5 16. Nc3 a6 17. c5 Nf4 18. Bxf4 gxf4 19. cxd6 cxd6 20. Nh4 Rf7 21. Qg4 Kh8 22. Nf5 Bf8 23. g3 fxg3 24. Qxg3 Be7 25. Kh2 Qg8 26. Qxg8+ Kxg8 27. Nh6+ Kg7 28. Nxf7 Nxf7 29. Re3 f5 30. exf5 Kf6 31. Rg1 Nh6 32. Rf3 Rg8 33. Rxg8 Nxg8 34. Ne4+ Kf7 35. Rc3 Nh6 36. Rc7 Nxf5 37. Rxb7 Ke8 38. b4 h6 39. b5 axb5 40. a5 Kd8 41. Rxb5 1-0